00676nam a2200193 i 450000100060000000300090000600500170001500700030003200800410003510000290007624501020010525000150020726000380022230000220026070000290028285200320031199900170034395201220036080902ES-MaACL20230906174327.0t|041102s1966 sp ||||1| spa d1 aHovasse, Colette.96437210aCómo educar a los niños en la libertad / cColette Hovasse ; [traducido por Aurora Jarquera]. a[1ª ed.]. aBarcelona : bFontanella, c1966. a214 p. ; c19 cm.1 aJarquera, Aurora.966139 aES-MaACLjC-29939 bR.60415 c80902d80902 00104070aATENEOMbATENEOMcDEPO2d2008-01-17eSCl0oC-29939p1084578r2023-02-23 00:00:00w2023-02-23yMONOGRAFIA